000 01756nam0a2200337 4500
001 RU\NLR\bibl\48716
005 20260406071621.0
010 _a5-88333-035-5
_9500
021 _aRU
_b99-27899
_91361
035 _a(NLR Aleph) 000047522
090 _a252679
_c252679
100 _a19990922d1999 |||y0rusy50 ca
101 0 _arus
102 _aRU
105 _aa |||||||||
200 1 _aКонстанты скорости гомолитических жидкофазных реакций 1,3- дигетероаналогов циклоалканов и родственных соединений
_eСправ. пособие
_fД.Л. Рахманкулов, В.В. Зорин, Э.М. Курамшин, С.С. Злотский
_gПод общ. ред. акад. АН Республики Башкортостан Д.Л. Рахманкулова
210 _aУфа
_cРеактив
_d1999
215 _a99 с.
_cил.
_d25
320 _aБиблиогр.: с.38-40, 96-99
606 0 _aЦиклоалканы
_xПроизводные гетероциклические
_xРеакции гомолитические
_xКонстанты скорости
_92113159
_3RU\NLR\auth\661276885
686 _aГ542.339.2
686 _aГ26-27
701 1 _4570
_8rus
_7ca
_aРахманкулов
_bД.Л.
_f1939-2008
_gДилюс Лутфуллич
_3RU\NLR\AUTH\7718670
_91746
701 1 _aЗорин
_bВ. В.
_gВладимир Викторович
_4070
701 1 _4070
_8rus
_7ca
_aКурамшин
_bЭ. М.
_gЭнс Мубаракович
_3RU\NLR\auth\7716655
_9126291
801 0 _aRU
_bNLR
_c19990922
_gPSBO
801 1 _aRU
_bNLR
_c19990922
852 _aNLR
_j99-4/6121
942 _cBOOK
980 _aNB